Southville International School and Colleges
Your cart is empty.
  • Cart
  • Lists
    Public lists Eva Luna New books Lux_list list_1
    Your lists Log in to create your own lists
  • Log in to your account
  • Your cookies
  • Search history
Southville International School and Colleges
  • Advanced search
  • Recent comments
  • Most popular
  • Libraries

Log in to your account

Log in with GOOGLE


If you do not have an external account, but do have a local account, you can still log in:

  1. Home
  2. MARC view: Applied pathophysiology for the advanced practice nurse /
Normal view MARC view ISBD view

Applied pathophysiology for the advanced practice nurse / (Record no. 368214)

[ view plain ]
MARC details
000 -LEADER
fixed length control field 00816nam a22002417a 4500
003 - CONTROL NUMBER IDENTIFIER
control field 0
005 - DATE AND TIME OF LATEST TRANSACTION
control field 20251009155941.0
008 - FIXED-LENGTH DATA ELEMENTS--GENERAL INFORMATION
fixed length control field 251009b xxu||||| |||| 00| 0 eng d
020 ## - INTERNATIONAL STANDARD BOOK NUMBER
International Standard Book Number 978-1-284-25561-4
050 ## - LIBRARY OF CONGRESS CALL NUMBER
Classification number RB 113
Item number .D58 2024
100 ## - MAIN ENTRY--PERSONAL NAME
Personal name Dlugasch, Lucie,
Relator term author.
245 ## - TITLE STATEMENT
Title Applied pathophysiology for the advanced practice nurse /
Statement of responsibility, etc Lucie Dlugasch and Lachel Story.
250 ## - EDITION STATEMENT
Edition statement Second edition.
260 ## - PUBLICATION, DISTRIBUTION, ETC. (IMPRINT)
Place of publication, distribution, etc Burlington, MA :
Name of publisher, distributor, etc World Headquarters, Jones & Barlett Learning,
Date of publication, distribution, etc 2024.
300 ## - PHYSICAL DESCRIPTION
Extent xv, 800 pages :
Other physical details colored illustrations ;
Dimensions 28 cm.
504 ## - BIBLIOGRAPHY, ETC. NOTE
Bibliography, etc Includes bibliographical references and index.
650 ## - SUBJECT ADDED ENTRY--TOPICAL TERM
Topical term or geographic name as entry element Pathology.
650 ## - SUBJECT ADDED ENTRY--TOPICAL TERM
Topical term or geographic name as entry element Physiology.
650 ## - SUBJECT ADDED ENTRY--TOPICAL TERM
Topical term or geographic name as entry element Advanced Practice Nursing.
650 ## - SUBJECT ADDED ENTRY--TOPICAL TERM
Topical term or geographic name as entry element Nurses Instruction.
700 ## - ADDED ENTRY--PERSONAL NAME
Personal name Story, Lachel,
Relator term author.
942 ## - ADDED ENTRY ELEMENTS (KOHA)
Source of classification or shelving scheme Library of Congress Classification
Koha item type Books
Holdings
Withdrawn status Lost status Source of classification or shelving scheme Damaged status Home library Current library Shelving location Date acquired Source of acquisition Sub Shelving location Total Checkouts Total Renewals Full call number Barcode Checked out Date last seen Date checked out Price effective from Koha item type
    Library of Congress Classification   College Library College Library Reserve Section 06/04/2025 Library Fund   3 16 RB 113 .D58 2024 C25347 04/29/2026 01/26/2026 01/26/2026 10/09/2025 Books

Applied pathophysiology for the advanced practice nurse /

APA

Dlugasch L., Story L., . (2024). Applied pathophysiology for the advanced practice nurse. Burlington, MA: World Headquarters, Jones & Barlett Learning.

Chicago

Dlugasch Lucie, Story Lachel, . 2024. Applied pathophysiology for the advanced practice nurse. Burlington, MA: World Headquarters, Jones & Barlett Learning.

Harvard

Dlugasch L., Story L., . (2024). Applied pathophysiology for the advanced practice nurse. Burlington, MA: World Headquarters, Jones & Barlett Learning.

MLA

Dlugasch Lucie, Story Lachel, . Applied pathophysiology for the advanced practice nurse. Burlington, MA: World Headquarters, Jones & Barlett Learning. 2024.

  • Place hold
  • Print
  • Cite
  • Add to your cart (remove)
  • Save record
    BIBTEX Dublin Core MARCXML MARC (non-Unicode/MARC-8) MARC (Unicode/UTF-8) MARC (Unicode/UTF-8, Standard) MODS (XML) RIS
  • More searches
    Search for this title in:
    Other Libraries (WorldCat) Other Databases (Google Scholar) Online Stores (Bookfinder.com) Open Library (openlibrary.org)

Exporting to Dublin Core...

SOUTHVILLE LIBRARY

Southville International School and Colleges Library

1281 Tropical Ave. Cor. Luxembourg St., BF Homes International, Las Pinas City

Tel. No. 8256374 / 252358 Loc. 117/146

Powered by Koha